BIBLIOTHÈQUE DE LA MAISON DU MEXIQUE

Logo 1 Logo 2

Ciudad Juárez (notice nᵒ 10143)

détails MARC
000 -Sello discográfico
campo de control de longitud fija 00971nam a2200301 4500
005 - Identificación de versión
campo de control 20260327125048.0
010 ## - Número Estándar Internacional de Libros (ISBN)
Número (ISBN) 968-16-0715-5
035 ## - Otros números de control del sistema
Número de control del sistema 9641
099 ## - fechas locales
Tipo de ítem Koha LIBRO
100 ## - Datos de procesamiento general
Datos de procesamiento general 20031215d1982 m y1spay5003 ba
101 ## - Idioma del recurso
Idioma del texto, banda sonora, etc. Español; Castellano
Idioma de la obra original Inglés
105 ## - Campo de datos codificados: Material textual, monográfico
Datos codificados de monografía a 001zy
200 1# - Título y mención de responsabilidad
Título propio Ciudad Juárez
Designación general del material texto impreso
Otra información del título El auge de una ciudad fronteriza a partir de 1848
Primer mención de responsabilidad Oscar J. Martínez
Declaración de responsabilidad subsiguiente traducción Carlos Valdés
205 ## - Declaración de edición
Declaración de edición 1a ed
210 ## - Publicación, distribución, etc.
Lugar de publicación, distribución, etc. México
Nombre del editor, distribuidor, etc. Fondo de Cultura Económica
Fecha de publicación, distribución, etc. 1982
215 ## - Descripción física
Designación de material específico y extensión del ítem 254 p
Otras características físicas cuadros
Dimensiones 21 cm
345 ## - Nota de información de adquisición
Fuente de adquisición/dirección de la suscripción [OBSOLETO] Donación
410 #1 - Series
Título Sección de Obras de Historia
454 #1 - Traducción de
Título Border Boom Town : Ciudad Juárez since 1848
607 ## - Nombre geográfico utilizado como tema
Elemento de entrada Ciudad Juárez, Chihuahua (México)
Subdivisión temática Comercio
-- Historia
Número Koha 16683
660 ## - Código de área geográfica
Código MX
700 ## - Nombre personal - Responsabilidad primaria
Elemento de entrada Martínez
Parte del nombre distinta del elemento de entrada Oscar Jáquez
Fechas 1943-
Número Koha 16288
702 ## - Nombre personal - Responsabilidad secundaria
Elemento de entrada Valdés Vázquez
Parte del nombre distinta del elemento de entrada Carlos
Fechas 1928-1991
Número Koha 3237
801 #0 - Fuente de origen
País FR
Agencia cm
Reglas de catalogación (convenciones descriptivas) AFNOR
942 ## - ELEMENTOS DE ENTRADA SECUNDARIOS (KOHA)
Tipo de ítem Koha Livre
Exemplaires
Estatus retirado Estado de daño Estado de pérdida Fuente de la clasificación o esquema de estantería Fecha de adquisición Biblioteca de origen Biblioteca actual Código de barras Precio de reemplazo Signatura topográfica completa No para préstamo Tipo de ítem Koha Nota no pública
      Clasificación Decimal Dewey 27/03/2026 Casa México Paris Casa México Paris 011307 27/03/2026 972.15 M38c   Livre 751145101